000 00596nam a2200205Ia 4500
005 20250508161030.0
008 008 250505s9999 xx 000 0 eng d
020 _a0-04-150063-6
037 _aTextual
040 _aFEDL
_beng
_cFEDL
041 _aeng
_2eng
084 _a157.9, MEL
_qFEDL
100 _aMelville Joy
_9770057
245 0 _aPhobias and obsessions: Their understanding and treatment
260 _aLondon, UK
_bGeorge Allen and Unwin Ltd.
_c1977
300 _a190p
650 _aAbnormal psychology
942 _cTEXL
_h157.9, MEL
999 _c1368034
_d1368034